<?xml version="1.0" encoding="UTF-8"?>
<collection xmlns="http://www.loc.gov/MARC21/slim">
 <record>
  <leader>04215nam a2200325 a 4500</leader>
  <controlfield tag="001">kal5709</controlfield>
  <controlfield tag="003">Gr-AtHEAL</controlfield>
  <controlfield tag="005">20160506091308.0</controlfield>
  <controlfield tag="006">m        d        </controlfield>
  <controlfield tag="008">160413s2015    gr      s           gre|c</controlfield>
  <datafield tag="020" ind1=" " ind2=" ">
   <subfield code="a">9789606033001</subfield>
  </datafield>
  <datafield tag="040" ind1=" " ind2=" ">
   <subfield code="a">GR-AtHEAL</subfield>
   <subfield code="b">gre</subfield>
   <subfield code="c">GR-AtHEAL</subfield>
  </datafield>
  <datafield tag="082" ind1="0" ind2="4">
   <subfield code="a">790</subfield>
   <subfield code="2">23</subfield>
  </datafield>
  <datafield tag="100" ind1="1" ind2=" ">
   <subfield code="a">Κυριακουλάκος, Παναγιώτης.</subfield>
   <subfield code="8">1685</subfield>
  </datafield>
  <datafield tag="245" ind1="1" ind2="2">
   <subfield code="a">Η οπτικοακουστική κατασκευή</subfield>
   <subfield code="h">[Ηλεκτρονικός πόρος] </subfield>
   <subfield code="c">Κυριακουλάκος, Παναγιώτης ; Καλαμπάκας, Ευάγγελος ; Κριτικός αναγνώστης,Παπακωνσταντίνου, Γεώργιος ; Γραφιστική επιμέλεια,Βελλή, Ελένη ; Τεχνική επιμέλεια,Φλώρος, Άγγελος ; Γλωσσική επιμέλεια,Κάσδαγλη, Στέλλα-Γεωργία.</subfield>
  </datafield>
  <datafield tag="260" ind1=" " ind2=" ">
   <subfield code="a">Αθήνα :</subfield>
   <subfield code="b">Σύνδεσμος Ελληνικών Ακαδημαϊκών Βιβλιοθηκών,</subfield>
   <subfield code="c">c2015.</subfield>
  </datafield>
  <datafield tag="490" ind1=" " ind2=" ">
   <subfield code="a">Ακαδημαϊκά Ηλεκτρονικά Συγγράμματα και Βοηθήματα Κάλλιπος</subfield>
   <subfield code="8">40</subfield>
  </datafield>
  <datafield tag="520" ind1=" " ind2=" ">
   <subfield code="a">Στο προτεινόμενο βιβλίο, η οπτικοακουστική κατασκευή αντιμετωπίζεται ως μια συστηματική σχεδιαστική διαδικασία. Εξετάζονται όλα τα στάδια παραγωγής οπτικοακουστικών έργων με έμφαση στα δημιουργικά στάδια χωρίς να παραμελούνται σημαντικά τεχνικά θέματα. Ο αναγνώστης του βιβλίου θα μάθει για τα σχεδιαστικά κείμενα (θέμα, σχεδίασμα χαρακτήρα, σχεδίασμα πλοκής, σενάριο, εικονογραφημένο σενάριο, κλπ) που υποστηρίζουν τη σκηνοθεσία. Θα μάθει επίσης στοιχεία σκηνοθεσίας που αφορούν τόσο τη μικρο-σκηνοθεσία (κατασκευή του πλάνου) όσο και τη μακρο-σκηνοθεσία (οπτική αφήγηση, σύνδεση πλάνων μεταξύ τους, μοντάζ, κλπ). Βασικά στοιχεία παραγωγής δίνουν έμφαση στη συγκρότηση της δημιουργικής ομάδας (σκηνοθέτης, σεναριογράφος, διευθυντής φωτογραφίας, κλπ) και στις τεχνικές παρουσίασης σχεδίων παραγωγής οπτικοακουστικών έργων. Τέλος, τα τεχνικά θέματα που άπτονται της δημιουργικής κατασκευής (φωτισμός πλάνων, επεξεργασία εικόνας και ήχου, κλπ) αναλύονται με βάση οπτικοακουστικό υλικό από την παραγωγή της βραβευμένης μικρού μήκους ταινίας ΑΠΟΓΡΑΦΗ (2008), της οποίας σκηνοθέτης είναι ο συν-συγγραφέας Ευάγγελος Καλαμπάκας και παραγωγός ο κύριος συγγραφέας Παναγιώτης Κυριακουλάκος.</subfield>
  </datafield>
  <datafield tag="650" ind1=" " ind2="0">
   <subfield code="a">Performing arts</subfield>
   <subfield code="8">2773</subfield>
  </datafield>
  <datafield tag="653" ind1=" " ind2=" ">
   <subfield code="a">Σενάριο</subfield>
  </datafield>
  <datafield tag="653" ind1=" " ind2=" ">
   <subfield code="a">Σκηνοθεσία</subfield>
  </datafield>
  <datafield tag="653" ind1=" " ind2=" ">
   <subfield code="a">Παραγωγή</subfield>
  </datafield>
  <datafield tag="653" ind1=" " ind2=" ">
   <subfield code="a">Τέχνες και γράμματα</subfield>
   <subfield code="a">Τέχνες του θεάματος</subfield>
   <subfield code="a">Κινηματογράφος</subfield>
  </datafield>
  <datafield tag="700" ind1="1" ind2=" ">
   <subfield code="a">Καλαμπάκας, Ευάγγελος</subfield>
   <subfield code="e">Συγγραφέας</subfield>
   <subfield code="8">1686</subfield>
  </datafield>
  <datafield tag="700" ind1="1" ind2=" ">
   <subfield code="a">Παπακωνσταντίνου, Γεώργιος</subfield>
   <subfield code="e">Κριτικός αναγνώστης</subfield>
   <subfield code="8">1687</subfield>
  </datafield>
  <datafield tag="856" ind1="4" ind2="0">
   <subfield code="u">http://hdl.handle.net/11419/5709</subfield>
   <subfield code="z">Πλήρες Κείμενο - Full text</subfield>
  </datafield>
  <datafield tag="907" ind1=" " ind2=" ">
   <subfield code="a">.b25677597</subfield>
   <subfield code="b">12-06-18</subfield>
   <subfield code="c">29-07-16</subfield>
  </datafield>
  <datafield tag="949" ind1=" " ind2=" ">
   <subfield code="0">0</subfield>
   <subfield code="1">0</subfield>
   <subfield code="2">ddc</subfield>
   <subfield code="4">0</subfield>
   <subfield code="6">790_000000000000000_ΚΥΡ</subfield>
   <subfield code="7">0</subfield>
   <subfield code="8">KALL</subfield>
   <subfield code="8">517</subfield>
   <subfield code="d">2016-04-13</subfield>
   <subfield code="r">2016-04-13</subfield>
   <subfield code="w">2016-04-13</subfield>
   <subfield code="z">790 ΚΥΡ</subfield>
   <subfield code="o">SEAB KALLIPOS</subfield>
  </datafield>
  <datafield tag="998" ind1=" " ind2=" ">
   <subfield code="a">80</subfield>
   <subfield code="a">01</subfield>
   <subfield code="a">02</subfield>
   <subfield code="a">03</subfield>
   <subfield code="a">04</subfield>
   <subfield code="a">05</subfield>
   <subfield code="a">06</subfield>
   <subfield code="a">07</subfield>
   <subfield code="a">08</subfield>
   <subfield code="a">09</subfield>
   <subfield code="a">10</subfield>
   <subfield code="a">11</subfield>
   <subfield code="a">12</subfield>
   <subfield code="a">13</subfield>
   <subfield code="a">14</subfield>
   <subfield code="a">15</subfield>
   <subfield code="a">16</subfield>
   <subfield code="a">17</subfield>
   <subfield code="a">18</subfield>
   <subfield code="a">19</subfield>
   <subfield code="a">20</subfield>
   <subfield code="a">21</subfield>
   <subfield code="a">22</subfield>
   <subfield code="a">23</subfield>
   <subfield code="a">24</subfield>
   <subfield code="a">25</subfield>
   <subfield code="a">26</subfield>
   <subfield code="b">10-05-17</subfield>
   <subfield code="c">m</subfield>
   <subfield code="d">z  </subfield>
   <subfield code="e">-</subfield>
   <subfield code="f">gre</subfield>
   <subfield code="g">gr </subfield>
   <subfield code="h">2</subfield>
  </datafield>
  <datafield tag="942" ind1=" " ind2=" ">
   <subfield code="2">ddc</subfield>
   <subfield code="c">KALLIPOS</subfield>
  </datafield>
 </record>
</collection>
